书目信息 |
| 题名: |
数据结构导论学习辅导与真题解析
|
|
| 作者: | 白雪峰 , 李沛 编著 | |
| 分册: | ||
| 出版信息: | 北京 机械工业出版社 2005.05 |
|
| 页数: | 177页 | |
| 开本: | 26cm | |
| 丛书名: | ||
| 单 册: | ||
| 中图分类: | TP311.12 | |
| 科图分类: | ||
| 主题词: | 数据结构--shu ju jie gou--高等教育--自学考试--学习参考资料 | |
| 电子资源: | ||
| ISBN: | 7-111-16530-6 | |
| 000 | 00994nam0 2200241 450 | |
| 001 | 012006906808 | |
| 005 | 20060912164612.53 | |
| 010 | @a7-111-16530-6@dCNY18.00 | |
| 100 | @a20060619d2005 km y0chiy0120 ea | |
| 101 | 0 | @achi |
| 102 | @aCN@b110000 | |
| 105 | @aa z 000yy | |
| 200 | 1 | @a数据结构导论学习辅导与真题解析@Ashu ju jie gou dao lun xue xi fu dao yu zhen ti jie xi@f白雪峰, 李沛编著@Fbai xue feng,li pei bian zhu |
| 210 | @a北京@c机械工业出版社@d2005.05 | |
| 215 | @a177页@c图@d26cm | |
| 300 | @a全国高等教育自学考试计算机及应用专业辅导用书 | |
| 330 | @a本书对该课程的所有考核内容按章节进行了系统的归纳总结:给出了丰富的练习题及参考答案;将2000年4月到2004年1月的全国高等教育自学考试数据结构导论试题根据题目内容分到各章中进行分析与解答。 | |
| 606 | 0 | @a数据结构@Ashu ju jie gou@x高等教育@x自学考试@j学习参考资料 |
| 690 | @aTP311.12@v4 | |
| 701 | 0 | @a白雪峰@Abai xue feng@4编著 |
| 701 | 0 | @a李沛@Ali pei@4编著 |
| 801 | 0 | @aCN@bQSSK@c20060912 |
| 905 | @a10447@dTP311.12@eB141 | |
| 数据结构导论学习辅导与真题解析/白雪峰, 李沛编著.-北京:机械工业出版社,2005.05 |
| 177页:图;26cm |
| 全国高等教育自学考试计算机及应用专业辅导用书 |
| ISBN 7-111-16530-6:CNY18.00 |
| 本书对该课程的所有考核内容按章节进行了系统的归纳总结:给出了丰富的练习题及参考答案;将2000年4月到2004年1月的全国高等教育自学考试数据结构导论试题根据题目内容分到各章中进行分析与解答。 |
| ● |
| 相关链接 |
|
|
|
正题名:数据结构导论学习辅导与真题解析
索取号:TP311.12/B141
 
预约/预借
| 序号 | 登录号 | 条形码 | 馆藏地/架位号 | 状态 | 备注 |
| 1 | 589523 | 205895236 | 期刊室512/301自科库 39排3列3层/ [索取号:TP311.12/B141] | 在馆 | |
| 2 | 589524 | 205895245 | 期刊室512/301自科库 39排3列3层/ [索取号:TP311.12/B141] | 在馆 | |
| 3 | 589525 | 205895254 | 自科二线404/301自科库 39排3列3层/ [索取号:TP311.12/B141] | 在馆 |